000 03334nam a22003257a 4500
001 EPSCPA 0006
003 gtcocun
005 20250820182059.0
006 a||||gr|||| 00| 0
007 ta
008 250820b2015 gt ||||| m||| 00| 0 eng d
040 _agtcocun
_bSPA
_cgtcocun
_eRDA
041 _aSPA EPSCPA 0006
084 _0EPSCPA 0006
100 _aCabrera Pop, Marvin Edmundo
_eAutor
245 _aINFORME FINAL DEL EJERCICIO PROFESIONAL SUPERVISADO REALIZADO EN LA EMPRESA SERVICIOS PARA LA SALUD COMUNITARIA SECOSA, S.A./
_cMarvin Edmundo Cabrera Pop.
_hImpreso
264 _aCobán, Alta Verapaz:
_bUniversidad de San Carlos de Guatemala, Centro Universitario del Norte, Carrera de Contaduría Pública y Auditoría
_c2015
300 _a97 p.:
_bIlustraciones, gráficas.
_c28 cm;
336 _2rdacontenido
_aTexto
_btxt
337 _2rdamedio
_aComputadora
_bn
338 _2rdasoporte
_aCódigo en línea
_bcr
502 _eEPSCPA 0006
502 _aTesis de grado
_bCarrera de Contaduría Pública y Auditoría,
_cUniversidad de San Carlos de Guatemala, Centro Universitario del Norte, Carrera de Contaduría Pública y Auditoría
_d2015
_oEPSCPA 0006
520 1 4 _aLa práctica del Ejercicio Profesional Supervisado se realizó en la SERVICIOS PARA LA SALUD COMUNITARIA SECOSA, S.A. Como primera fase se elaboró el diagnóstico para identificar situaciones que representaban una deficiencia para la empresa, entre estos: la Incorrecta utilización de cuentas contables en los registros de la empresa SECOSA, S.A.; Riesgo elevado de pérdida de la Información en el Proceso, documentación y resultado del sistema contable por usuarios internos de la empresa; Deficiencia en el control Interno de la bodega de suministros, Desconocimiento del costo incurrido en la elaboración de platillos de Alimentación de la empresa SECOSA, S.A; Inexistencia de procedimientos y políticas para dejar registrado los movimientos Contables. En la segunda fase describe el plan general para las cinco situaciones encontradas, en el primer hallazgo se procede a trazar actividades para realizar una Auditoria a los Estados financieros por el año finalizado 2014, en la segunda una Auditoria en Informática, la tercer diseñar e implementar formatos de control interno, la cuarta es determinar los costos y precios de venta de los servicios de la empresa y la quinta es la elaboración de un manual de normas, procedimientos y políticas contables. En la última etapa se ejecutan todas las actividades fijadas en el plan en donde se obtuvieron resultados como: la actualización del reglamento de caja, elaboración de normativo para el uso adecuado, correcto y eficaz de los equipos de cómputo para la empresa, estandarización y diseño de formatos de control interno para la empresa, determinación de los precios de ventas de los servicios que oferta la empresa y elaboración de manual de normas, procedimientos y políticas contables.
650 1 4 _2LEMB
_aCobán, Alta Verapaz
_xAuditoría
_xCuentas contables
_xRiesgo elevado de pérdida de la información
_xAuditoría de estados financieros
_xManual
_xPolíticas contables
700 _eAsesor
856 _uSin archivo en línea
_zSin archivo en línea
942 _2ddc
_cTES
_iEPSCPA 0006
_kClasificación
_n0
_6EPSCPA_0006_000000000000000
999 _c1235
_d1235